Alle Pirelli-Reifen 2018 – kannst du alle 9 nennen? - Statistiken

Allgemein
  • Dieses Quiz wurde 35 mal gespielt
  • Das Durchschnittsergebnis liegt bei 4 aus 9
Antwortstatistiken
Hint Antwort % Korrekt
💜 Ultrasoft
57%
🔵 Full Wet
52%
🟢 Intermediate
52%
💗 Hypersoft
43%
Medium
39%
🩵 Hard
35%
🟡 Soft
35%
🔴 Supersoft
30%
🟠 Superhard
26%
Keine übereinstimmenden Quizze gefunden
Verteilung der Resultate
Anzahl Personen mit jedem Resultat
Perzentil nach korrekt beantworteten Fragen
Ihre Resultats-Entwicklung
Sie haben dieses Quiz noch nicht gespielt